000 00530nam a2200181Ia 4500
008 100920s9999 xx 000 0 und d
082 _b44705
_a891.461 थ 80
100 _aकाळे विमल.
245 _aमुकुलिता.
260 _bइंद्रायणी साहित्य, पुणे.
_c1980
300 _a60
_bसाधी
365 _b8
520 _aपदय.
630 _aमुकुलिता.
650 _aपदय.
730 _aमुकुलिता.
942 _cBOOK
999 _c693323
_d693320